Agro textiles and its applications /

Bibliographic Details
Main Author: Annapoorani, Grace S., (Author)
Format: eBook
Language:English
Published: New Delhi, India : Woodhead Publishing India Pvt. Ltd., [2018]
Series:Woodhead Publishing India in textiles.
Subjects:
Online Access:Click to View
LEADER 01686nam a2200409 i 4500
001 EBC5850083
003 MiAaPQ
005 20200520144314.0
006 m o d |
007 cr cnu||||||||
008 190913s2018 ii o 001 0 eng d
020 |z 9789385059360 
020 |a 9789385059896 (e-book) 
035 |a (MiAaPQ)EBC5850083 
035 |a (Au-PeEL)EBL5850083 
035 |a (OCoLC)1112065000 
040 |a MiAaPQ  |b eng  |e rda  |e pn  |c MiAaPQ  |d MiAaPQ 
050 4 |a TS1445  |b .A563 2018 
082 0 |a 677  |2 23 
100 1 |a Annapoorani, Grace S.,  |e author. 
245 1 0 |a Agro textiles and its applications /  |c S. Grace Annapoorani. 
264 1 |a New Delhi, India :  |b Woodhead Publishing India Pvt. Ltd.,  |c [2018] 
264 4 |c 2018 
300 |a 1 online resource (xi, 191 pages). 
336 |a text  |b txt  |2 rdacontent 
337 |a computer  |b c  |2 rdamedia 
338 |a online resource  |b cr  |2 rdacarrier 
490 1 |a Woodhead Publishing India in textiles 
500 |a Includes index. 
588 |a Description based on print version record. 
590 |a Electronic reproduction. Ann Arbor, MI : ProQuest, 2018. Available via World Wide Web. Access may be limited to ProQuest affiliated libraries. 
650 0 |a Textile fabrics. 
655 4 |a Electronic books. 
776 0 8 |i Print version:  |a Annapoorani, Grace S.  |t Agro textiles and its applications.  |d New Delhi, India : Woodhead Publishing India Pvt. Ltd., c2018   |h xi, 191 pages   |k Woodhead Publishing India in textiles.  |z 9789385059360 
797 2 |a ProQuest (Firm) 
830 0 |a Woodhead Publishing India in textiles. 
856 4 0 |u https://ebookcentral.proquest.com/lib/matrademy/detail.action?docID=5850083  |z Click to View